000 00715nam a22002057a 4500
005 20161020120835.0
010 _a ENG-116240
020 _a9780199464807
_c995.00
020 _a0199464804
_c995.00
035 _aEN-99772
037 _bDBAD/PUB
082 _a325
100 _a Gollerkeri,Gurucharan
245 _aMigration matters :
_bmobility in a globalizing world /
_cby Gurucharan Gollerkeri [and] Natasha Chhabra
260 _aNew Delhi
_bOxford University Press
_c2016
270 _aYMCA Library Building, 1 Jai Singh Road,
_bNew Delhi
_e110001
300 _axxviii,329p.
_c22cm(Hb)
500 _aIncludes bibliographical references and index
942 _2ddc
_cEN
_mGOL
_h325
999 _c104085
_d104085